Detalles MARC
| 000 -LEADER |
| campo de control de longitud fija |
02258cam a22004934i 4500 |
| 003 - IDENTIFICADOR DE NÚMERO DE CONTROL |
| campo de control |
PE-LiUPU |
| 005 - FECHA Y HORA DE LA ÚLTIMA TRANSACCIÓN |
| campo de control |
20250731172855.0 |
| 008 - DATOS DE LONGITUD FIJA--INFORMACIÓN GENERAL |
| campo de control de longitud fija |
160823s r 000 0 spa d |
| 020 ## - NÚMERO INTERNACIONAL ESTÁNDAR DEL LIBRO |
| Número Internacional Estándar del Libro |
0671884077 |
| 020 ## - NÚMERO INTERNACIONAL ESTÁNDAR DEL LIBRO |
| Número Internacional Estándar del Libro |
9780671884079 |
| 035 ## - NÚMERO DE CONTROL DEL SISTEMA |
| Número de control de sistema |
(Sirsi) a163103 |
| 040 ## - FUENTE DE CATALOGACIÓN |
| Centro catalogador/agencia de origen |
PE-LiUPU |
| Lengua de catalogación |
spa |
| Centro/agencia transcriptor |
PE-LiUPU |
| Normas de descripción |
rda |
| 082 04 - NÚMERO DE LA CLASIFICACIÓN DECIMAL DEWEY |
| Número de clasificación |
261.835766092 |
| Cutter |
W62 |
| Número de edición |
23 |
| 100 1# - ENTRADA PRINCIPAL--NOMBRE DE PERSONA |
| Nombre de persona |
White, Mel. |
| Término indicativo de función/relación |
autor. |
| 245 ## - MENCIÓN DEL TÍTULO |
| Título |
Stranger At The Gate |
| Medio |
[electronic resource] / |
| Mención de responsabilidad, etc. |
Mel White. |
| 264 ## - PRODUCCIÓN, PUBLICACIÓN, DISTRIBUCIÓN, FABRICACIÓN Y COPYRIGHT |
| Producción, publicación, distribución, fabricación y copyright |
New York : |
| Nombre del de productor, editor, distribuidor, fabricante |
Simon & Schuster Audio, |
| Fecha de producción, publicación, distribución, fabricación o copyright |
2015. |
| 300 ## - DESCRIPCIÓN FÍSICA |
| Extensión |
333 páginas : |
| Dimensiones |
24 centimetros |
| 336 ## - TIPO DE CONTENIDO |
| Término de tipo de contenido |
text |
| Fuente |
rdacontent |
| 337 ## - TIPO DE MEDIO |
| Nombre/término del tipo de medio |
unmediated |
| Fuente |
rdamedia |
| 338 ## - TIPO DE SOPORTE |
| Nombre/término del tipo de soporte |
volume |
| Fuente |
rdacarrier |
| 505 0# - NOTA DE CONTENIDO CON FORMATO |
| Nota de contenido con formato |
In the beginning_the ghost of silence -- Adolescence_the ghost of fear -- High school_theghost of loneliness -- College_the ghost of false hope -- 1962-64, learning to tell the truth -- 1970-80, learning about friendship -- 1970-81, taking the first steps -- 1980-81, facing reality -- 1981, surviving infatuation and isolation -- 1982-83, "it´ going to be all right, dad -- 1984-90, giving up the ghos! -- 1990-91, one last year of silence -- 1991-93, a ghost no more! -- 1993-94, time for doing no justice!. |
| 520 ## - RESUMEN, ETC. |
| Sumario, etc. |
A Simon & Schuster eBook. Simon & Schuster has a great book for every reader. |
| 526 ## - NOTA DE INFORMACIÓN SOBRE EL PROGRAMA DE ESTUDIO |
| Nombre del programa |
Segunda Especialidad En Profecías Bíblicas |
| 526 ## - NOTA DE INFORMACIÓN SOBRE EL PROGRAMA DE ESTUDIO |
| Nombre del programa |
Segunda Especialidad En Nuevo Testamento |
| 526 ## - NOTA DE INFORMACIÓN SOBRE EL PROGRAMA DE ESTUDIO |
| Nombre del programa |
Segunda Especialidad En Antiguo Testamento |
| 526 ## - NOTA DE INFORMACIÓN SOBRE EL PROGRAMA DE ESTUDIO |
| Nombre del programa |
Segunda Especialidad En Estudios Adventistas |
| 526 ## - NOTA DE INFORMACIÓN SOBRE EL PROGRAMA DE ESTUDIO |
| Nombre del programa |
Doctorado en teología |
| 526 ## - NOTA DE INFORMACIÓN SOBRE EL PROGRAMA DE ESTUDIO |
| Nombre del programa |
Maestría en teología histórica |
| 526 ## - NOTA DE INFORMACIÓN SOBRE EL PROGRAMA DE ESTUDIO |
| Nombre del programa |
Maestría en teología bíblica |
| 526 ## - NOTA DE INFORMACIÓN SOBRE EL PROGRAMA DE ESTUDIO |
| Nombre del programa |
Maestría en teología |
| 526 ## - NOTA DE INFORMACIÓN SOBRE EL PROGRAMA DE ESTUDIO |
| Nombre del programa |
Maestría en misionología |
| 526 ## - NOTA DE INFORMACIÓN SOBRE EL PROGRAMA DE ESTUDIO |
| Nombre del programa |
Maestría en liderazgo eclesiástico |
| 526 ## - NOTA DE INFORMACIÓN SOBRE EL PROGRAMA DE ESTUDIO |
| Nombre del programa |
Teología |
| 596 ## - |
| -- |
1 |
| 600 1# - PUNTO DE ACCESO ADICIONAL DE MATERIA--NOMBRE DE PERSONA |
| Nombre de persona |
White, Mel, |
| Fechas asociadas al nombre |
1940- |
| 650 04 - PUNTO DE ACCESO ADICIONAL DE MATERIA--TÉRMINO DE MATERIA |
| Término de materia o nombre geográfico como elemento de entrada |
Homosexualidad |
| Subdivisión general |
Aspectos religiosos. |
| 610 ## - PUNTO DE ACCESO ADICIONAL DE MATERIA--NOMBRE DE ENTIDAD CORPORATIVA |
| Nombre de entidad corporativa o nombre de jurisdicción como elemento de entrada |
Fraternidad Universal del Clero de las Iglesias de la Comunidad Metropolitana |
| Subdivisión de forma |
Biografías. |
| 710 2# - ENTRADA AGREGADA--NOMBRE DE ENTIDAD CORPORATIVA |
| Nombre de entidad corporativa o nombre de jurisdicción como elemento de entrada |
Recorded Books |
| 910 ## - DATOS DE OPCIÓN DEL USUARIO (OCLC) |
| Datos de opción del usuario |
jck |
| -- |
jos |
| -- |
jck |
| -- |
20160823 |
| 942 ## - ELEMENTOS DE ENTRADA SECUNDARIOS (KOHA) |
| Fuente del sistema de clasificación o colocación |
Clasificación Decimal Dewey |
| Tipo de ítem Koha |
|
| 949 ## - PROCESAMIENTO DE INFORMACIÓN LOCAL (OCLC) |
| a |
261.835766092 W62 |
| w |
DEWEY |
| c |
1 |
| i |
70849 |
| l |
CATALOGING |
| m |
BUL |
| p |
20 |
| r |
0 |
| s |
Y |
| t |
BOOK |
| u |
12016-08-22 |
| x |
TEOLOGIA |
| -- |
P35 |
| 0 |
COMPRA |
| o |
.CIRCNOTE. El documento es de alto precio. |
| -- |
.STAFF. Colección |
| 999 ## - NÚMEROS DE CONTROL DE SISTEMA (KOHA) |
| -- |
DEWEY |
| -- |
70849 |
| -- |
2021-11-10 |
| -- |
5 |
| -- |
CCODEBUL1 |
| -- |
BUL |
| -- |
20.00 |
| -- |
0 |
| -- |
Y |
| -- |
BOOK |
| -- |
2016-8-23 |
| -- |
TEOLOGIA |
| -- |
P94 |
| -- |
COMPRA |
| -- |
.STAFF. Colección General |
| 980 ## - EQUIVALENCIA O REFERENCIA-CRUZADA-MENCIÓN DE SERIE--NOMBRE DE PERSONA/TÍTULO [LOCAL, CANADÁ] |
| ID del último usuario que modificó el registro |
1 |
| Nombre del último usuario que modificó el registro |
ALBERTO SANCHEZ Responsable de Automatización |